George Little : the ugly lovely landscape /

Bibliographic Details
Main Author: Wakelin, Peter (Author)
Format: Book
Language:English
Published: Cardigan : Parthian Books, 2023.
Series:Modern Wales.
Subjects:

MARC

Tag First Indicator Second Indicator Subfields
LEADER 00000cam a2200000 i 4500
001 in00005466613
008 230328s2023 wlka b 001 0 eng d
005 20250318220535.0
020 |a 9781914595660 
020 |a 1914595661  |q hardback 
035 |a (OCoLC)on1373981946 
035 |a (OCoLC)1373981946 
040 |a YDX  |b eng  |e rda  |c YDX  |d UKMGB  |d OCLCQ  |d OCLCO  |d YDX  |d OCLCO  |d YDX  |d OCLCF  |d YDX 
043 |a e-uk-wl 
050 4 |a ND492.7  |b .W35 2023 
082 0 4 |a 759.2929  |2 23 
100 1 |a Wakelin, Peter,  |e author. 
245 1 0 |a George Little :  |b the ugly lovely landscape /  |c Peter Wakelin. 
264 1 |a Cardigan :  |b Parthian Books,  |c 2023. 
300 |a 112 pages :  |b illustrations (chiefly colour) ;  |c 28 x 22 cm. 
336 |a text  |2 rdacontent  |b txt 
336 |a still image  |2 rdacontent 
337 |a unmediated  |2 rdamedia  |b n 
338 |a volume  |2 rdacarrier  |b nc 
490 1 |a Modern Wales series 
504 |a Includes bibliographical references and index. 
600 1 0 |a Little, George,  |d 1927-2017. 
650 0 |a Painting, Welsh  |y 20th century. 
650 0 |a Painters  |z Wales. 
650 6 |a Peinture galloise  |y 20e siècle. 
650 6 |a Peintres  |z Pays de Galles. 
650 7 |a Painters.  |2 fast  |0 (OCoLC)fst01050530 
650 7 |a Painting, Welsh.  |2 fast  |0 (OCoLC)fst01051154 
651 7 |a Wales.  |2 fast  |0 (OCoLC)fst01207649 
648 7 |a 1900-1999  |2 fast 
830 0 |a Modern Wales. 
852 8 |b pda,print  |z This title is available for the library to purchase for your use. Click the "Purchase It For Me" button to place a request. This item may take 5-10 business days to arrive. 
955 |a Print PDA title 
961 |m 565730 
999 f f |s d4228499-e5b7-490b-ae6e-b32332684e04  |i 5d332356-fb85-4a08-be55-59a981442f7b  |t 0 
952 f f |a Texas A&M University  |b College Station  |c Sterling C. Evans Library  |d Purchase on Demand  |t 0  |e ND492.7 .W35 2023  |h Library of Congress classification 
998 f f |a ND492.7 .W35 2023  |t 0  |l Purchase on Demand